[Event "Titled Tuesday intern op 28th Mar Late"]
[Site "Chess.com INT"]
[Date "2023.03.28"]
[Round "7"]
[White "Bartel, Mateusz"]
[Black "Mihajlov, Sebastian"]
[Result "1-0"]
[WhiteElo "2609"]
[BlackElo "2373"]
[PlyCount "77"]
[EventDate "2023.03.28"]
[EventType "swiss (blitz)"]
[EventRounds "11"]
[EventCountry "USA"]
[SourceTitle "EXT 2024"]
[Source "ChessBase"]
[SourceDate "2023.10.10"]
[SourceVersion "1"]
[SourceVersionDate "2023.10.10"]
[SourceQuality "1"]

1. e4 c5 2. Nf3 Nc6 3. b4 cxb4 4. d4 d5 5. exd5 Qxd5 6. c4 bxc3 7. Nxc3 Qd8 8. d5 Nb8 9. Bb5+ Bd7 10. Rb1 Nf6 11. 0-0 g6 12. Re1 Bg7 13. Ba3 0-0 14. Bxe7 Qc7 15. Bxf8 Bxf8 16. Bxd7 Nbxd7 17. Ne4 b6 18. Rc1 Qd8 19. h3 Nc5 20. Nxf6+ Qxf6 21. Qe2 Rd8 22. Rcd1 Bd6 23. g3 Na4 24. Rd3 Bb4 25. Qe5 Kg7 26. Qxf6+ Kxf6 27. Re4 Nc5 28. Rf4+ Kg7 29. Re3 a5 30. Re7 Rf8 31. Ng5 h6 32. Rfxf7+ Rxf7 33. Nxf7 Kf6 34. Ra7 Na4 35. d6 Nc3 36. d7 Be7 37. d8Q Bxd8 38. Nxd8 Nxa2 39. Ra6 1-0

[Event "Titled Tuesday intern op 21st Mar Late"]
[Site "Chess.com INT"]
[Date "2023.03.21"]
[Round "4"]
[White "Mazurkiewicz, Michal"]
[Black "Mihajlov, Sebastian"]
[Result "1-0"]
[WhiteElo "2145"]
[BlackElo "2373"]
[PlyCount "97"]
[EventDate "2023.03.21"]
[EventType "swiss (blitz)"]
[EventRounds "11"]
[EventCountry "USA"]
[SourceTitle "EXT 2024"]
[Source "ChessBase"]
[SourceDate "2023.10.10"]
[SourceVersion "1"]
[SourceVersionDate "2023.10.10"]
[SourceQuality "1"]

1. e4 e6 2. d3 d5 3. Nd2 c5 4. Ngf3 Nc6 5. g3 dxe4 6. dxe4 e5 7. Bg2 f6 8. 0-0 Be6 9. c3 Qd7 10. Re1 Bd6 11. Qe2 Nge7 12. Nc4 Bc7 13. Rd1 Bxc4 14. Rxd7 Bxe2 15. Rxc7 Rb8 16. Be3 b6 17. Re1 Bxf3 18. Bxf3 Kd8 19. Rxe7 Kxe7 20. Bg4 Rhd8 21. f4 Rd6 22. Be2 Rbd8 23. Bb5 Rd1 24. Kf2 Rxe1 25. Kxe1 Kd6 26. a4 exf4 27. gxf4 Re8 28. Bd3 h6 29. Kf2 g5 30. e5+ fxe5 31. fxg5 hxg5 32. Bxg5 e4 33. Bf4+ Kd7 34. Bb5 Rg8 35. Ke3 Rg2 36. Kxe4 a6 37. Bxa6 Ne7 38. b4 Ng6 39. Bb5+ Kd8 40. Bg3 cxb4 41. cxb4 Rb2 42. Kd5 Rxb4 43. Kc6 Ne7+ 44. Kxb6 Rb2 45. Bh4 Rxh2 46. Bxe7+ Kxe7 47. a5 Kd8 48. a6 Kc8 49. a7 1-0

[Event "Titled Tuesday intern op 21st Feb Late"]
[Site "Chess.com INT"]
[Date "2023.02.21"]
[Round "2"]
[White "Mihajlov, Sebastian"]
[Black "Kostiukov, Alexandr"]
[Result "1-0"]
[WhiteElo "2373"]
[BlackElo "2271"]
[PlyCount "155"]
[EventDate "2023.02.21"]
[EventType "swiss (blitz)"]
[EventRounds "11"]
[EventCountry "USA"]
[SourceTitle "CBM 212 Extra"]
[Source "ChessBase"]
[SourceDate "2023.03.31"]
[SourceVersion "1"]
[SourceVersionDate "2023.03.31"]
[SourceQuality "1"]

1. e4 c5 2. Nf3 g6 3. d4 cxd4 4. Nxd4 Bg7 5. c4 Nc6 6. Be3 Nf6 7. Nc3 0-0 8. Be2 Nxd4 9. Bxd4 Qa5 10. 0-0 d6 11. Rb1 Be6 12. b4 Qd8 13. f3 a5 14. a3 axb4 15. axb4 Ra3 16. Nb5 Ra2 17. Bd3 Nd7 18. Bxg7 Kxg7 19. Qb3 Ra8 20. f4 Qb6+ 21. Kh1 f6 22. Nc3 Qd4 23. Nd5 Rfc8 24. Rbd1 Bxd5 25. exd5 Nb6 26. c5 dxc5 27. Bf5 Qxb4 28. Qxb4 cxb4 29. Bxc8 Rxc8 30. Rd4 b3 31. Rb4 Nxd5 32. Rxb7 Rc3 33. g3 Ne3 34. Rb1 Nf5 35. R7xb3 Rc2 36. R3b2 Rc4 37. Re1 h5 38. Rb5 Rc3 39. Rd5 Rb3 40. Re2 Rc3 41. Kg1 Kf7 42. Kf2 Nh6 43. Rd7 Nf5 44. Ra7 Rc1 45. Rb2 Rh1 46. Kg2 Rc1 47. Rbb7 Rc2+ 48. Kh3 Ke6 49. Ra6+ Kf7 50. Ra8 Nh6 51. Rbb8 Ng4 52. Rf8+ Ke6 53. Ra6+ Kd7 54. Ra7+ Ke6 55. Ra6+ Kf5 56. Ra5+ Ke4 57. Ra4+ Ke3 58. Ra3+ Kf2 59. Re8 Kg1 60. Ra1+ Kf2 61. Rxe7 Kf3 62. Ra3+ Kf2 63. f5 g5 64. Rh7 Kg1 65. Ra1+ Kf2 66. Rxh5 Ke3 67. Kxg4 Ke4 68. Re1+ Kd5 69. Rh6 Rc4+ 70. Kh5 Rb4 71. Rxf6 g4 72. Kg5 Kd4 73. Rd6+ Kc5 74. Rd2 Rb6 75. Rc1+ Kb5 76. Rb2+ Ka6 77. Rxb6+ Kxb6 78. Kxg4 1-0